Principles for stable capital flows and fair debt restructuring in emerging markets : (Registro nro. 8319)

Detalles MARC
000 -LEADER
fixed length control field 00679nam a2200181Ia 4500
003 - CONTROL NUMBER IDENTIFIER
control field OSt
005 - DATE AND TIME OF LATEST TRANSACTION
control field 20210812105413.0
008 - FIXED-LENGTH DATA ELEMENTS--GENERAL INFORMATION
fixed length control field 210310s2006 eu fr 000 0 eng d
040 ## - CATALOGING SOURCE
Original cataloging agency CO-JMCR
Transcribing agency CO-JMCR
041 0# - LANGUAGE CODE
Language code of text/sound track or separate title eng
082 04 - DEWEY DECIMAL CLASSIFICATION NUMBER
Classification number 332.632 /
Item number I593p
Edition number 23
110 2# - MAIN ENTRY--CORPORATE NAME
Corporate name or jurisdiction name as entry element Institute of International Finanance
9 (RLIN) 39320
245 10 - TITLE STATEMENT
Title Principles for stable capital flows and fair debt restructuring in emerging markets :
Remainder of title report on implementation by the principles consultative group /
Statement of responsibility, etc. Institute of International Finanance
260 ## - PUBLICATION, DISTRIBUTION, ETC.
Place of publication, distribution, etc. Washington :
Name of publisher, distributor, etc. Institute Finanance, Inc.,
Date of publication, distribution, etc. 2006
300 ## - PHYSICAL DESCRIPTION
Extent 19 páginas ;
Dimensions 26 cm.
650 14 - SUBJECT ADDED ENTRY--TOPICAL TERM
Topical term or geographic name entry element Mercados emergentes
9 (RLIN) 16933
942 ## - ADDED ENTRY ELEMENTS (KOHA)
Source of classification or shelving scheme Dewey Decimal Classification
Koha item type Books
Existencias
Withdrawn status Lost status Source of classification or shelving scheme Damaged status Not for loan Collection code Home library Current library Date acquired Source of acquisition Full call number Barcode Date last seen Copy number Koha item type
    Dewey Decimal Classification     Non-fiction Biblioteca Pública José María del Castillo y Rada Biblioteca Pública José María del Castillo y Rada 04/15/2018 Donación 332.632 / I593p 430002884 05/16/2024 Ej.1 Books